[Event "HUN-ch"]
[Site "Budapest"]
[Date "1971.??.??"]
[Round "1"]
[White "Honfi, Karoly"]
[Black "Adorjan, Andras"]
[Result "1-0"]
[WhiteElo "2435"]
[BlackElo "2465"]
[PlyCount "63"]
[EventDate "1971.??.??"]
[EventType "tourn"]
[EventRounds "17"]
[EventCountry "HUN"]
[EventCategory "8"]
[Source "ChessBase"]
[SourceDate "1999.07.01"]
[WhiteTeamCountry "HUN"]
[BlackTeamCountry "BUL"]

1. e4 g6 2. d4 Bg7 3. Nf3 d6 4. Bc4 Nf6 5. Nc3 O-O 6. O-O Nc6 7. d5 Nb8 8. h3
c6 9. a4 Nbd7 10. Re1 Qc7 11. Qe2 a5 12. Bf4 Ne5 13. Nxe5 dxe5 14. Be3 Nh5 15.
f3 Nf4 16. Qf2 Qd6 17. Rad1 Qf6 18. Kh2 g5 19. Ne2 h5 20. Nxf4 gxf4 21. Bc5 h4
22. Re2 Qg5 23. Kh1 Re8 24. Qe1 Bf6 25. dxc6 bxc6 26. Red2 Kg7 27. Qf1 e6 28.
Rd6 Bb7 29. Rd7 Be7 30. Bf2 Rab8 31. Ba7 Bc8 32. Rxe7 1-0

[Event "HUN-ch"]
[Site "Budapest"]
[Date "1971.??.??"]
[Round "3"]
[White "Bilek, Istvan"]
[Black "Adorjan, Andras"]
[Result "1/2-1/2"]
[WhiteElo "2490"]
[BlackElo "2465"]
[PlyCount "40"]
[EventDate "1971.??.??"]
[EventType "tourn"]
[EventRounds "17"]
[EventCountry "HUN"]
[EventCategory "8"]
[Source "ChessBase"]
[SourceDate "1999.07.01"]
[WhiteTeamCountry "HUN"]
[BlackTeamCountry "BUL"]

1. d4 Nf6 2. c4 c6 3. Nc3 d5 4. cxd5 cxd5 5. Bf4 Nc6 6. e3 e6 7. Nf3 Bd6 8.
Bxd6 Qxd6 9. Bd3 O-O 10. O-O Bd7 11. Qe2 Rfc8 12. Rad1 e5 13. dxe5 Nxe5 14. h3
Nxf3+ 15. Qxf3 Qe5 16. Rfe1 Bc6 17. Qf5 Qxf5 18. Bxf5 Rd8 19. Rd4 Kf8 20. Red1
Ke7 1/2-1/2

[Event "HUN-ch"]
[Site "Budapest"]
[Date "1971.??.??"]
[Round "4"]
[White "Adorjan, Andras"]
[Black "Flesch, Janos"]
[Result "1-0"]
[WhiteElo "2465"]
[BlackElo "2430"]
[PlyCount "101"]
[EventDate "1971.??.??"]
[EventType "tourn"]
[EventRounds "17"]
[EventCountry "HUN"]
[EventCategory "8"]
[Source "ChessBase"]
[SourceDate "1999.07.01"]
[WhiteTeamCountry "HUN"]
[BlackTeamCountry "BUL"]

1. e4 c6 2. d4 d5 3. Nd2 dxe4 4. Nxe4 Nd7 5. Nf3 Ngf6 6. Ng3 e6 7. Bd3 c5 8.
O-O cxd4 9. Nxd4 Bc5 10. c3 Bxd4 11. cxd4 O-O 12. Bf4 Nb6 13. Rc1 Nbd5 14. Be5
Bd7 15. Nh5 Nxh5 16. Qxh5 g6 17. Qh6 f6 18. Bd6 Rf7 19. Rfe1 Rc8 20. Bc5 b6 21.
Bd6 Rxc1 22. Rxc1 Bc8 23. Bg3 Nb4 24. Bc4 Qxd4 25. Bb3 Qd8 26. Qf4 Na6 27. h4
Kg7 28. Qd6 Qe8 29. Kh2 Nc5 30. Qb8 Rb7 31. Qa8 e5 32. Bd5 Rc7 33. b4 Ne6 34.
Rxc7+ Nxc7 35. Qxa7 Qd7 36. Bb3 Qc6 37. a4 Bb7 38. f3 b5 39. Qb8 Nd5 40. a5 Qc7
41. Qe8 Bc6 42. Qe6 Ne3 43. Qg8+ Kh6 44. Bf2 e4+ 45. Kg1 Nf5 46. Qf8+ Qg7 47.
Qc5 Qd7 48. g4 Qd3 49. Qf8+ Ng7 50. Qxf6 Ne8 51. Qf8+ 1-0

[Event "HUN-ch"]
[Site "Budapest"]
[Date "1971.??.??"]
[Round "5"]
[White "Sax, Gyula"]
[Black "Adorjan, Andras"]
[Result "0-1"]
[WhiteElo "2400"]
[BlackElo "2465"]
[PlyCount "72"]
[EventDate "1971.??.??"]
[EventType "tourn"]
[EventRounds "17"]
[EventCountry "HUN"]
[EventCategory "8"]
[Source "ChessBase"]
[SourceDate "1999.07.01"]
[WhiteTeamCountry "HUN"]
[BlackTeamCountry "BUL"]

1. e4 g6 2. d4 Bg7 3. Nc3 d6 4. Be3 c6 5. Qd2 Nd7 6. Be2 b5 7. f4 Ngf6 8. Bf3
Nb6 9. b3 O-O 10. Nge2 e5 11. Rd1 exf4 12. Bxf4 b4 13. Nb1 Re8 14. Bg5 h6 15.
Bxf6 Qxf6 16. Qxb4 c5 17. Qd2 cxd4 18. O-O Ba6 19. e5 Qxe5 20. Bxa8 Bxe2 21.
Rde1 Qe3+ 22. Rf2 Ba6 23. Rxe3 dxe3 24. Re2 Bxe2 25. Qxe2 Nxa8 26. Nd2 Bd4 27.
Nf3 Bb6 28. Kf1 Nc7 29. b4 Ne6 30. Qb5 Re7 31. c4 e2+ 32. Ke1 Nd4 33. Qd5 Nxf3+
34. Qxf3 Bd4 35. c5 dxc5 36. bxc5 Bxc5 0-1

[Event "HUN-ch"]
[Site "Budapest"]
[Date "1971.??.??"]
[Round "6"]
[White "Adorjan, Andras"]
[Black "Lengyel, Levente"]
[Result "1/2-1/2"]
[WhiteElo "2465"]
[BlackElo "2485"]
[PlyCount "42"]
[EventDate "1971.??.??"]
[EventType "tourn"]
[EventRounds "17"]
[EventCountry "HUN"]
[EventCategory "8"]
[Source "ChessBase"]
[SourceDate "1999.07.01"]
[WhiteTeamCountry "HUN"]
[BlackTeamCountry "BUL"]

1. e4 c5 2. Nf3 e6 3. d4 cxd4 4. Nxd4 Nc6 5. Nb5 d6 6. c4 Nf6 7. N1c3 a6 8. Na3
Be7 9. Be2 O-O 10. O-O Bd7 11. Be3 Rb8 12. f3 Qa5 13. Qe1 Rfc8 14. Qf2 Be8 15.
Rfd1 Nd7 16. Bf1 Nc5 17. Rac1 Nb4 18. Bd4 Nc6 19. Be3 Nb4 20. Bd4 Nc6 21. Be3
Nb4 1/2-1/2

[Event "HUN-ch"]
[Site "Budapest"]
[Date "1971.??.??"]
[Round "7"]
[White "Farago, Ivan"]
[Black "Adorjan, Andras"]
[Result "1-0"]
[WhiteElo "2410"]
[BlackElo "2465"]
[PlyCount "67"]
[EventDate "1971.??.??"]
[EventType "tourn"]
[EventRounds "17"]
[EventCountry "HUN"]
[EventCategory "8"]
[Source "ChessBase"]
[SourceDate "1999.07.01"]
[WhiteTeamCountry "HUN"]
[BlackTeamCountry "BUL"]

1. d4 Nf6 2. c4 g6 3. Nc3 d5 4. Bf4 Bg7 5. Nf3 O-O 6. Rc1 dxc4 7. e3 c5 8. Bxc4
cxd4 9. Nxd4 Nbd7 10. Nf3 a6 11. O-O b5 12. Bd5 Nxd5 13. Qxd5 Ra7 14. Rfd1 Qb6
15. Qb3 Nf6 16. e4 Be6 17. Nd5 Qa5 18. Nd4 Qa4 19. Qxa4 bxa4 20. Nxf6+ Bxf6 21.
Nxe6 fxe6 22. e5 Bg7 23. g3 Rb8 24. Rd4 Rxb2 25. Rxa4 Kf7 26. Rc8 Rb1+ 27. Kg2
Rd7 28. Rxa6 h6 29. h4 Rb5 30. Rcc6 Bxe5 31. Bxh6 Rd6 32. Ra8 Bg7 33. Rxd6 exd6
34. Ra7+ 1-0

[Event "HUN-ch"]
[Site "Budapest"]
[Date "1971.??.??"]
[Round "8"]
[White "Vadasz, Laszlo"]
[Black "Adorjan, Andras"]
[Result "0-1"]
[WhiteElo "2355"]
[BlackElo "2465"]
[PlyCount "64"]
[EventDate "1971.??.??"]
[EventType "tourn"]
[EventRounds "17"]
[EventCountry "HUN"]
[EventCategory "8"]
[Source "ChessBase"]
[SourceDate "1999.07.01"]
[WhiteTeamCountry "HUN"]
[BlackTeamCountry "BUL"]

1. Nf3 g6 2. d4 Bg7 3. e4 d6 4. c3 Nf6 5. Nbd2 O-O 6. Be2 Nc6 7. O-O e5 8. dxe5
Nxe5 9. Nxe5 dxe5 10. Qc2 b6 11. a4 Bb7 12. Re1 Bh6 13. Bf1 Qe7 14. Nc4 Bxc1
15. Raxc1 Rfd8 16. b4 a5 17. bxa5 bxa5 18. f3 Bc6 19. Red1 Rxd1 20. Rxd1 Nd7
21. Ra1 Kg7 22. Qf2 Nc5 23. Qg3 f6 24. Ne3 Qf8 25. h4 h5 26. Kh2 Bxa4 27. Nc4
Qe8 28. Be2 Bb5 29. Qf2 Nb3 30. Ra3 a4 31. Nb2 Qe7 32. Ra2 Bxe2 0-1

[Event "HUN-ch"]
[Site "Budapest"]
[Date "1971.??.??"]
[Round "9"]
[White "Adorjan, Andras"]
[Black "Forintos, Gyozo"]
[Result "0-1"]
[WhiteElo "2465"]
[BlackElo "2485"]
[PlyCount "58"]
[EventDate "1971.??.??"]
[EventType "tourn"]
[EventRounds "17"]
[EventCountry "HUN"]
[EventCategory "8"]
[Source "ChessBase"]
[SourceDate "1999.07.01"]
[WhiteTeamCountry "HUN"]
[BlackTeamCountry "BUL"]

1. e4 g6 2. d4 Bg7 3. Nc3 d6 4. f4 c6 5. Nf3 Qb6 6. Bc4 Nh6 7. Bb3 Bg4 8. d5 a5
9. a4 Na6 10. h3 Bxf3 11. Qxf3 Nc5 12. Be3 Qb4 13. Bxc5 dxc5 14. O-O-O c4 15.
Ba2 Ra6 16. g4 Rb6 17. g5 Nf5 18. exf5 O-O 19. Rhe1 cxd5 20. Rxd5 Qxb2+ 21. Kd2
Rc6 22. Ree5 gxf5 23. Rd4 Rd6 24. Rxd6 exd6 25. Re1 d5 26. Bb1 Qb4 27. Ba2 d4
28. Rb1 dxc3+ 29. Ke2 Qxa4 0-1

[Event "HUN-ch"]
[Site "Budapest"]
[Date "1971.??.??"]
[Round "10"]
[White "Toth, Bela"]
[Black "Adorjan, Andras"]
[Result "1/2-1/2"]
[WhiteElo "2400"]
[BlackElo "2465"]
[PlyCount "146"]
[EventDate "1971.??.??"]
[EventType "tourn"]
[EventRounds "17"]
[EventCountry "HUN"]
[EventCategory "8"]
[Source "ChessBase"]
[SourceDate "1999.07.01"]
[WhiteTeamCountry "HUN"]
[BlackTeamCountry "BUL"]

1. d4 g6 2. c4 Bg7 3. Nc3 c5 4. d5 d6 5. Nf3 Nf6 6. e4 O-O 7. Be2 e6 8. O-O Re8
9. dxe6 Bxe6 10. h3 Nc6 11. Be3 Qb6 12. Qd2 Rad8 13. Rad1 Qb4 14. Qc1 Bxc4 15.
a3 Qb3 16. Nd2 Qxc3 17. bxc3 Bxe2 18. Qb1 b6 19. Rfe1 Bxd1 20. Rxd1 d5 21. Qb5
Re6 22. exd5 Nxd5 23. Nf1 Nxe3 24. Rxd8+ Nxd8 25. Qd3 Nxf1 26. Qxd8+ Bf8 27.
Kxf1 Kg7 28. a4 Be7 29. Qd3 Rd6 30. Qc2 Bf6 31. f4 c4 32. Qe4 Bxc3 33. Qxc4 Bf6
34. Qc2 Rd4 35. g3 Rb4 36. Qc6 Rb2 37. Qd7 Rb4 38. Qxa7 h5 39. h4 Rb3 40. Kg2
Rb4 41. Qd7 Rb2+ 42. Kh3 Rb4 43. Qc6 Rb2 44. Qc4 Rd2 45. Qb3 Rb2 46. Qd3 Rb4
47. Qd7 Rb3 48. Qd6 Rb2 49. Qc6 Rb4 50. Qc2 Rb2 51. Qe4 Rd2 52. f5 Rd4 53. Qc6
gxf5 54. Qxb6 Rxa4 55. Qb5 Re4 56. Qxf5 Re5 57. Qd3 Rc5 58. Kg2 Ra5 59. Kf3 Rc5
60. Qd6 Rf5+ 61. Kg2 Rb5 62. Kh3 Re5 63. Qd4 Rf5 64. Qc4 Re5 65. g4 hxg4+ 66.
Qxg4+ Kh7 67. Kg2 Re6 68. Qf5+ Kg8 69. h5 Bg7 70. Kh3 Rf6 71. Qc8+ Kh7 72. Qe8
Bh6 73. Kg4 Kg7 1/2-1/2

[Event "HUN-ch"]
[Site "Budapest"]
[Date "1971.??.??"]
[Round "11"]
[White "Adorjan, Andras"]
[Black "Csom, Istvan"]
[Result "1-0"]
[WhiteElo "2465"]
[BlackElo "2480"]
[PlyCount "73"]
[EventDate "1971.??.??"]
[EventType "tourn"]
[EventRounds "17"]
[EventCountry "HUN"]
[EventCategory "8"]
[Source "ChessBase"]
[SourceDate "1999.07.01"]
[WhiteTeamCountry "HUN"]
[BlackTeamCountry "BUL"]

1. e4 Nf6 2. e5 Nd5 3. c4 Nb6 4. d4 d6 5. f4 Bf5 6. Nf3 e6 7. Nc3 Be7 8. Be2
dxe5 9. fxe5 Nc6 10. O-O Nb4 11. a3 Nc2 12. Ra2 h5 13. b4 g5 14. Rxc2 Bxc2 15.
Qxc2 g4 16. Ne1 Qxd4+ 17. Kh1 a6 18. c5 Nd5 19. Nxd5 Qxd5 20. Bc4 Qd7 21. Qe4
c6 22. Nc2 O-O-O 23. Be3 Rhf8 24. Nd4 Qc7 25. a4 Rd7 26. g3 Kb8 27. Rb1 Rfd8
28. b5 cxb5 29. axb5 Bxc5 30. Nc6+ Kc8 31. Nxd8 Bxe3 32. Nxf7 Rd4 33. Qxe3 Qc5
34. Nd6+ Kb8 35. Qg5 Rxc4 36. Qd8+ Ka7 37. b6+ 1-0

[Event "HUN-ch"]
[Site "Budapest"]
[Date "1971.??.??"]
[Round "12"]
[White "Polgar, Istvan"]
[Black "Adorjan, Andras"]
[Result "0-1"]
[WhiteElo "2380"]
[BlackElo "2465"]
[PlyCount "80"]
[EventDate "1971.??.??"]
[EventType "tourn"]
[EventRounds "17"]
[EventCountry "HUN"]
[EventCategory "8"]
[Source "ChessBase"]
[SourceDate "1999.07.01"]
[WhiteTeamCountry "HUN"]
[BlackTeamCountry "BUL"]

1. e4 g6 2. d4 Bg7 3. Nc3 d6 4. f4 a6 5. Nf3 b5 6. Bd3 Bb7 7. e5 Nd7 8. Be4
Bxe4 9. Nxe4 d5 10. Nf2 e6 11. Be3 h5 12. h3 h4 13. f5 gxf5 14. Bg5 Ne7 15.
Bxh4 c5 16. c3 Qb6 17. Qd2 Bh6 18. Bg5 Bxg5 19. Nxg5 Rg8 20. h4 Rc8 21. Rh3 Rc6
22. Kf1 Qc7 23. Nd3 cxd4 24. cxd4 Rc2 25. Rc1 Rxc1+ 26. Qxc1 Qc4 27. Qxc4 dxc4
28. Nf4 b4 29. Ke2 Nb6 30. Nh7 Nbd5 31. Nf6+ Nxf6 32. exf6 Nd5 33. Rh1 Nxf6 34.
Rc1 Nd5 35. Nxd5 exd5 36. Kf3 Rg4 37. h5 Kf8 38. Re1 Rxd4 39. Re5 c3 40. bxc3
bxc3 0-1

[Event "HUN-ch"]
[Site "Budapest"]
[Date "1971.??.??"]
[Round "14"]
[White "Dely, Peter"]
[Black "Adorjan, Andras"]
[Result "1/2-1/2"]
[WhiteElo "2480"]
[BlackElo "2465"]
[PlyCount "42"]
[EventDate "1971.??.??"]
[EventType "tourn"]
[EventRounds "17"]
[EventCountry "HUN"]
[EventCategory "8"]
[Source "ChessBase"]
[SourceDate "1999.07.01"]
[WhiteTeamCountry "HUN"]
[BlackTeamCountry "BUL"]

1. e4 e5 2. Nf3 Nc6 3. Bb5 a6 4. Ba4 Nf6 5. O-O Be7 6. Re1 b5 7. Bb3 O-O 8. c3
d5 9. exd5 Nxd5 10. Nxe5 Nxe5 11. Rxe5 c6 12. d4 Bd6 13. Re1 Qh4 14. g3 Qh3 15.
Be3 Bg4 16. Qd3 Nxe3 17. Rxe3 c5 18. Bd5 Rad8 19. Nd2 Bc7 20. Bg2 Qh6 21. Nf3
Bb6 1/2-1/2

[Event "HUN-ch"]
[Site "Budapest"]
[Date "1971.??.??"]
[Round "15"]
[White "Adorjan, Andras"]
[Black "Portisch, Lajos"]
[Result "1/2-1/2"]
[WhiteElo "2465"]
[BlackElo "2630"]
[PlyCount "37"]
[EventDate "1971.??.??"]
[EventType "tourn"]
[EventRounds "17"]
[EventCountry "HUN"]
[EventCategory "8"]
[Source "ChessBase"]
[SourceDate "1999.07.01"]
[WhiteTeamCountry "HUN"]
[BlackTeamCountry "BUL"]

1. e4 e5 2. Nf3 Nc6 3. Bb5 a6 4. Ba4 Nf6 5. O-O Be7 6. Re1 b5 7. Bb3 d6 8. c3
O-O 9. h3 Be6 10. d4 Bxb3 11. axb3 Re8 12. d5 Nb8 13. Bg5 Nbd7 14. Na3 Nxd5 15.
Qxd5 Bxg5 16. Qc6 Nc5 17. Nxb5 axb5 18. Nxg5 Rb8 19. b4 1/2-1/2

[Event "HUN-ch"]
[Site "Budapest"]
[Date "1971.??.??"]
[Round "16"]
[White "Lukacs, Peter"]
[Black "Adorjan, Andras"]
[Result "1/2-1/2"]
[WhiteElo "2285"]
[BlackElo "2465"]
[PlyCount "30"]
[EventDate "1971.??.??"]
[EventType "tourn"]
[EventRounds "17"]
[EventCountry "HUN"]
[EventCategory "8"]
[Source "ChessBase"]
[SourceDate "1999.07.01"]
[WhiteTeamCountry "HUN"]
[BlackTeamCountry "BUL"]

1. g3 c5 2. Bg2 g6 3. d3 Bg7 4. f4 Nc6 5. Nf3 e6 6. e4 Nge7 7. O-O O-O 8. c3 b6
9. a4 d5 10. e5 d4 11. c4 Nf5 12. Nh4 Bb7 13. Nxf5 exf5 14. Bd2 Rb8 15. Na3 Qd7
1/2-1/2

[Event "HUN-ch"]
[Site "Budapest"]
[Date "1971.??.??"]
[Round "17"]
[White "Adorjan, Andras"]
[Black "Kluger, Gyula"]
[Result "1-0"]
[WhiteElo "2465"]
[BlackElo "2400"]
[PlyCount "113"]
[EventDate "1971.??.??"]
[EventType "tourn"]
[EventRounds "17"]
[EventCountry "HUN"]
[EventCategory "8"]
[Source "ChessBase"]
[SourceDate "1999.07.01"]
[WhiteTeamCountry "HUN"]
[BlackTeamCountry "BUL"]

1. e4 e5 2. Nf3 Nc6 3. Bb5 a6 4. Ba4 Nf6 5. O-O Be7 6. Re1 b5 7. Bb3 d6 8. c3
O-O 9. h3 Na5 10. Bc2 c5 11. d4 Nd7 12. Nbd2 cxd4 13. cxd4 Nc6 14. Nb3 a5 15.
Be3 a4 16. Nbd2 Bf6 17. Nf1 exd4 18. Nxd4 Nxd4 19. Bxd4 Ne5 20. Ne3 Be6 21. b3
axb3 22. Bxb3 Nc4 23. Bxf6 Qxf6 24. Nd5 Bxd5 25. Qxd5 Na5 26. Qxb5 Rfb8 27. Qf1
Nxb3 28. axb3 Rxa1 29. Rxa1 h6 30. Qd1 Qe6 31. Ra6 Qxb3 32. Qxd6 Rc8 33. Kh2
Qb2 34. Qf4 Qb7 35. Rd6 Re8 36. f3 Qe7 37. h4 g5 38. Qg3 Kg7 39. Rd5 f6 40. Qg4
Qc7+ 41. e5 Re7 42. f4 fxe5 43. fxg5 e4+ 44. Kh3 h5 45. Qxh5 Qc3+ 46. g3 Qc8+
47. Qg4 Qc6 48. Qd1 Qc8+ 49. Kh2 Qe6 50. Qd4+ Kh7 51. h5 e3 52. g6+ Kg8 53.
Rd8+ Re8 54. h6 Qa2+ 55. Kh3 Qe6+ 56. g4 Qxg6 57. Rxe8+ 1-0

[Event "HUN-ch+"]
[Site "Budapest"]
[Date "1971.??.??"]
[Round "2"]
[White "Adorjan, Andras"]
[Black "Barczay, Laszlo"]
[Result "1/2-1/2"]
[WhiteElo "2465"]
[BlackElo "2450"]
[PlyCount "40"]
[EventDate "1971.??.??"]
[EventType "tourn"]
[EventRounds "7"]
[EventCountry "HUN"]
[Source "ChessBase"]
[SourceDate "1999.07.01"]
[WhiteTeamCountry "HUN"]
[BlackTeamCountry "BUL"]

1. e4 c5 2. Nf3 e6 3. d4 cxd4 4. Nxd4 Nc6 5. Nb5 d6 6. c4 Nf6 7. N1c3 a6 8. Na3
Be7 9. Be2 O-O 10. O-O b6 11. Be3 Qc7 12. Rc1 Qb8 13. f4 Rd8 14. Bf3 Ra7 15.
Qe2 Nb4 16. Rfd1 Rc7 17. Nab1 Nc6 18. Kh1 Nd7 19. a3 Bb7 20. b4 Na7 1/2-1/2

[Event "Rubinstein Memorial 09th"]
[Site "Polanica Zdroj"]
[Date "1971.08.17"]
[Round "2"]
[White "Adorjan, Andras"]
[Black "Bednarski, Jacek"]
[Result "1/2-1/2"]
[WhiteElo "2465"]
[BlackElo "2400"]
[PlyCount "85"]
[EventDate "1971.08.16"]
[EventType "tourn"]
[EventRounds "15"]
[EventCountry "POL"]
[EventCategory "6"]
[Source "ChessBase"]
[SourceDate "1999.07.01"]
[WhiteTeamCountry "URS"]
[BlackTeamCountry "HUN"]

1. e4 c5 2. Nf3 e6 3. d4 cxd4 4. Nxd4 Nf6 5. Nc3 Bb4 6. e5 Nd5 7. Bd2 Nxc3 8.
bxc3 Ba5 9. Bd3 d6 10. exd6 Qxd6 11. Qh5 Qd5 12. Qxd5 exd5 13. c4 dxc4 14. Bxc4
Bxd2+ 15. Kxd2 O-O 16. Rhe1 Rd8 17. Kc3 Kf8 18. Nf3 f6 19. Nd4 Bd7 20. Rab1 Nc6
21. Rxb7 Nxd4 22. Rd1 Be6 23. Rxd4 Rxd4 24. Kxd4 Rd8+ 25. Kc3 Bxc4 26. Kxc4 Rd2
27. Kc3 Rxf2 28. Rxa7 Rxg2 29. a4 f5 30. a5 f4 31. a6 Rg6 32. Kd4 Rf6 33. Ra8+
Kf7 34. a7 Ra6 35. Ke4 Ra4+ 36. Kf3 Kg6 37. Kg4 h5+ 38. Kh4 f3+ 39. Kg3 Ra3 40.
h4 Kh7 41. c4 g5 42. hxg5 Kg7 43. Kf2 1/2-1/2

[Event "Rubinstein Memorial 09th"]
[Site "Polanica Zdroj"]
[Date "1971.08.18"]
[Round "3"]
[White "Zaitsev, Alexander"]
[Black "Adorjan, Andras"]
[Result "1-0"]
[WhiteElo "2530"]
[BlackElo "2465"]
[PlyCount "105"]
[EventDate "1971.08.16"]
[EventType "tourn"]
[EventRounds "15"]
[EventCountry "POL"]
[EventCategory "6"]
[Source "ChessBase"]
[SourceDate "1999.07.01"]
[WhiteTeamCountry "URS"]
[BlackTeamCountry "HUN"]

1. d4 Nf6 2. c4 g6 3. f3 c5 4. d5 d6 5. e4 b5 6. cxb5 a6 7. bxa6 Bg7 8. Bb5+
Nbd7 9. Ne2 Qa5+ 10. Nbc3 Bxa6 11. Bxa6 Qxa6 12. O-O O-O 13. Be3 Rfb8 14. Qc2
Ne5 15. b3 Ne8 16. Rad1 Nc7 17. h3 Nb5 18. Nxb5 Rxb5 19. Bg5 Rb7 20. f4 h6 21.
Bh4 g5 22. fxe5 gxh4 23. exd6 exd6 24. Rd2 Rba7 25. e5 Bxe5 26. Qe4 Qc8 27.
Qxh4 Qd8 28. Qxh6 Rxa2 29. Rxa2 Rxa2 30. Rf5 Rxe2 31. Rg5+ Qxg5 32. Qxg5+ Kf8
33. h4 Rb2 34. h5 Rxb3 35. h6 Rb1+ 36. Kf2 Ke8 37. Qh4 Rb2+ 38. Ke3 Rb3+ 39.
Kd2 Rb4 40. g4 Kd7 41. Qh5 Ke7 42. h7 Rb8 43. Kd3 Rb3+ 44. Ke4 Rb4+ 45. Kf5 Rd4
46. Qh4+ Kd7 47. h8=Q Bxh8 48. Qxh8 Rxd5+ 49. Kf6 Rd4 50. Qh6 Re4 51. Qh2 Ke8
52. Qh8+ Kd7 53. Qa8 1-0

[Event "Rubinstein Memorial 09th"]
[Site "Polanica Zdroj"]
[Date "1971.08.19"]
[Round "4"]
[White "Adorjan, Andras"]
[Black "Doda, Zbigniew"]
[Result "1/2-1/2"]
[WhiteElo "2465"]
[BlackElo "2430"]
[PlyCount "36"]
[EventDate "1971.08.16"]
[EventType "tourn"]
[EventRounds "15"]
[EventCountry "POL"]
[EventCategory "6"]
[Source "ChessBase"]
[SourceDate "1999.07.01"]
[WhiteTeamCountry "URS"]
[BlackTeamCountry "HUN"]

1. e4 c5 2. Nf3 e6 3. d4 cxd4 4. Nxd4 Nc6 5. Nb5 d6 6. c4 a6 7. N5c3 Nf6 8. Na3
Be7 9. Be2 O-O 10. O-O Bd7 11. Be3 Rb8 12. f4 Qa5 13. Nc2 b5 14. cxb5 axb5 15.
a3 Rfc8 16. b4 Qa8 17. Bf3 e5 18. Nd5 Bd8 1/2-1/2

[Event "Rubinstein Memorial 09th"]
[Site "Polanica Zdroj"]
[Date "1971.08.22"]
[Round "6"]
[White "Adorjan, Andras"]
[Black "Pfleger, Helmut"]
[Result "1/2-1/2"]
[WhiteElo "2465"]
[BlackElo "2515"]
[PlyCount "39"]
[EventDate "1971.08.16"]
[EventType "tourn"]
[EventRounds "15"]
[EventCountry "POL"]
[EventCategory "6"]
[Source "ChessBase"]
[SourceDate "1999.07.01"]
[WhiteTeamCountry "URS"]
[BlackTeamCountry "HUN"]

1. d4 d5 2. c4 c6 3. Nc3 Nf6 4. cxd5 cxd5 5. Nf3 Nc6 6. Bf4 e6 7. e3 Bd6 8.
Bxd6 Qxd6 9. Bd3 O-O 10. O-O Bd7 11. Qe2 Rac8 12. Rac1 Na5 13. Rc2 Rc7 14. Rfc1
Rfc8 15. Nb5 Bxb5 16. Bxb5 Rxc2 17. Rxc2 Rxc2 18. Qxc2 g6 19. g3 Kg7 20. Kg2
1/2-1/2

[Event "Rubinstein Memorial 09th"]
[Site "Polanica Zdroj"]
[Date "1971.08.23"]
[Round "7"]
[White "Pytel, Krzysztof"]
[Black "Adorjan, Andras"]
[Result "0-1"]
[WhiteElo "2320"]
[BlackElo "2465"]
[PlyCount "52"]
[EventDate "1971.08.16"]
[EventType "tourn"]
[EventRounds "15"]
[EventCountry "POL"]
[EventCategory "6"]
[Source "ChessBase"]
[SourceDate "1999.07.01"]
[WhiteTeamCountry "URS"]
[BlackTeamCountry "HUN"]

1. d4 Nf6 2. c4 g6 3. Nc3 d5 4. Nf3 Bg7 5. Bg5 Ne4 6. cxd5 Nxg5 7. Nxg5 e6 8.
Qd2 h6 9. Nh3 exd5 10. Nf4 O-O 11. e3 c5 12. dxc5 d4 13. exd4 Qxd4 14. Qxd4
Bxd4 15. Bb5 Na6 16. Nfe2 Bxc5 17. O-O Nc7 18. Ba4 Bf5 19. Rfd1 Rfd8 20. Bb3
Kg7 21. Na4 Be7 22. Nd4 Bg4 23. f3 Bd7 24. Rac1 Na6 25. Ne2 Bg5 26. Rc3 b5 0-1

[Event "Rubinstein Memorial 09th"]
[Site "Polanica Zdroj"]
[Date "1971.08.24"]
[Round "8"]
[White "Adorjan, Andras"]
[Black "Kozma, Julius"]
[Result "1/2-1/2"]
[WhiteElo "2465"]
[BlackElo "2360"]
[PlyCount "31"]
[EventDate "1971.08.16"]
[EventType "tourn"]
[EventRounds "15"]
[EventCountry "POL"]
[EventCategory "6"]
[Source "ChessBase"]
[SourceDate "1999.07.01"]
[WhiteTeamCountry "URS"]
[BlackTeamCountry "HUN"]

1. e4 c6 2. d4 d5 3. Nc3 dxe4 4. Nxe4 Nd7 5. Bc4 Ngf6 6. Ng5 e6 7. Qe2 Nb6 8.
Bb3 h6 9. N5f3 a5 10. a3 a4 11. Ba2 c5 12. dxc5 Bxc5 13. Ne5 Nbd7 14. Ngf3 Nxe5
15. Nxe5 O-O 16. O-O 1/2-1/2

[Event "Rubinstein Memorial 09th"]
[Site "Polanica Zdroj"]
[Date "1971.08.25"]
[Round "9"]
[White "Espig, Lutz"]
[Black "Adorjan, Andras"]
[Result "1-0"]
[WhiteElo "2460"]
[BlackElo "2465"]
[PlyCount "41"]
[EventDate "1971.08.16"]
[EventType "tourn"]
[EventRounds "15"]
[EventCountry "POL"]
[EventCategory "6"]
[Source "ChessBase"]
[SourceDate "1999.07.01"]
[WhiteTeamCountry "URS"]
[BlackTeamCountry "HUN"]

1. e4 c5 2. Nf3 Nc6 3. d4 cxd4 4. Nxd4 g6 5. Nc3 Bg7 6. Be3 Nf6 7. Bc4 O-O 8.
Bb3 d6 9. f3 Bd7 10. Qd2 Qb8 11. h4 a5 12. a4 Nxd4 13. Bxd4 b5 14. h5 bxa4 15.
Nxa4 Be6 16. Bxe6 fxe6 17. hxg6 hxg6 18. b3 Ra6 19. Qg5 Qb4+ 20. Bc3 Nd5 21.
Bxb4 1-0

[Event "Rubinstein Memorial 09th"]
[Site "Polanica Zdroj"]
[Date "1971.08.26"]
[Round "10"]
[White "Adorjan, Andras"]
[Black "Spiridonov, Nikola"]
[Result "1/2-1/2"]
[WhiteElo "2465"]
[BlackElo "2450"]
[PlyCount "87"]
[EventDate "1971.08.16"]
[EventType "tourn"]
[EventRounds "15"]
[EventCountry "POL"]
[EventCategory "6"]
[Source "ChessBase"]
[SourceDate "1999.07.01"]
[WhiteTeamCountry "URS"]
[BlackTeamCountry "HUN"]

1. Nf3 Nf6 2. g3 g6 3. Bg2 Bg7 4. O-O O-O 5. c4 d6 6. Nc3 Nc6 7. d4 Bg4 8. d5
Bxf3 9. exf3 Ne5 10. Qe2 Re8 11. b3 e6 12. f4 Ned7 13. dxe6 Rxe6 14. Qc2 Rb8
15. Bb2 a5 16. a3 Nb6 17. Nd5 Nbxd5 18. cxd5 Re7 19. Rfe1 Rxe1+ 20. Rxe1 Qd7
21. Rc1 Re8 22. Qxc7 Re1+ 23. Bf1 Qxc7 24. Rxc7 Ne8 25. Rc2 Bxb2 26. Rxb2 Rd1
27. Rc2 Kg7 28. Rc8 Nf6 29. Rb8 Ne4 30. Kg2 Rxd5 31. Bc4 Rd2 32. Kf3 d5 33.
Bxd5 Rxd5 34. Kxe4 Rb5 35. b4 axb4 36. axb4 Rxb4+ 37. Kf3 h5 38. h3 f5 39. Rd8
Rb6 40. Ke3 Kf7 41. f3 Ke7 42. Rb8 Ke6 43. g4 Rb3+ 44. Kf2 1/2-1/2